The social fabric / (Record no. 497)
[ view plain ]
| 000 -LEADER | |
|---|---|
| fixed length control field | 00569nam a22002057a 4500 |
| 005 - DATE AND TIME OF LATEST TRANSACTION | |
| control field | 20140621082455.0 |
| 008 - FIXED-LENGTH DATA ELEMENTS--GENERAL INFORMATION | |
| fixed length control field | 940202s1995 nyua b 000 0 eng |
| 020 ## - INTERNATIONAL STANDARD BOOK NUMBER | |
| International Standard Book Number | 0673523918 |
| 024 #0 - OTHER STANDARD IDENTIFIER | |
| Terms of availability | eng |
| 080 ## - UNIVERSAL DECIMAL CLASSIFICATION NUMBER | |
| Universal Decimal Classification number | 308 (73) |
| 245 04 - TITLE STATEMENT | |
| Title | The social fabric / |
| 250 ## - | |
| -- | 7th ed. |
| 260 ## - | |
| -- | New York : |
| -- | HarperCollinsCollegePublishers, |
| -- | 1995. |
| 300 ## - | |
| -- | 338 f. : |
| -- | me il.; |
| -- | 24 cm. |
| 650 ## - | |
| -- | Kushtet morale |
| 650 ## - | |
| -- | SHBA |
| 651 #0 - | |
| -- | United States |
| 700 1# - | |
| -- | John H. Cary ; Julius Weinberg; Thomas L. Hartshorne; Robert A. Wheeler. |
| 942 ## - ADDED ENTRY ELEMENTS (KOHA) | |
| Source of classification or shelving scheme | |
| Item type | Books |
| Withdrawn status | Lost status | Source of classification or shelving scheme | Damaged status | Not for loan | Collection code | Permanent location | Current location | Shelving location | Date acquired | Total Checkouts | Full call number | Barcode | Date last seen | Koha item type |
|---|---|---|---|---|---|---|---|---|---|---|---|---|---|---|
| Koleksioni i përgjithshem | UBT - Ferizaj | UBT - Ferizaj | Koleksioni i përgjithshem | 06/21/2014 | 308 (73) THE | 003000684 | 06/21/2014 | Books | ||||||
| Koleksioni i përgjithshem | UBT - Ferizaj | UBT - Ferizaj | Koleksioni i përgjithshem | 06/21/2014 | 308 (73) THE | 003000685 | 06/21/2014 | Books | ||||||
| Koleksioni i përgjithshem | UBT - Ferizaj | UBT - Ferizaj | Koleksioni i përgjithshem | 06/21/2014 | 308 (73) THE | 003000686 | 06/21/2014 | Books | ||||||
| Koleksioni i përgjithshem | UBT - Ferizaj | UBT - Ferizaj | Koleksioni i përgjithshem | 06/21/2014 | 308 (73) THE | 003000687 | 06/21/2014 | Books | ||||||
| Koleksioni i përgjithshem | UBT - Ferizaj | UBT - Ferizaj | Koleksioni i përgjithshem | 06/21/2014 | 308 (73) THE | 003000688 | 06/21/2014 | Books | ||||||
| Koleksioni i përgjithshem | UBT - Ferizaj | UBT - Ferizaj | Koleksioni i përgjithshem | 06/21/2014 | 308 (73) THE | 003000689 | 06/21/2014 | Books | ||||||
| Koleksioni i përgjithshem | UBT - Ferizaj | UBT - Ferizaj | Koleksioni i përgjithshem | 06/21/2014 | 308 (73) THE | 003000690 | 06/21/2014 | Books | ||||||
| Koleksioni i përgjithshem | UBT - Ferizaj | UBT - Ferizaj | Koleksioni i përgjithshem | 06/21/2014 | 308 (73) THE | 003000691 | 06/21/2014 | Books | ||||||
| Koleksioni i përgjithshem | UBT - Ferizaj | UBT - Ferizaj | Koleksioni i përgjithshem | 06/21/2014 | 308 (73) THE | 003000692 | 06/21/2014 | Books | ||||||
| Koleksioni i përgjithshem | UBT - Ferizaj | UBT - Ferizaj | Koleksioni i përgjithshem | 06/21/2014 | 308 (73) THE | 003000693 | 06/21/2014 | Books |